Statistics for Hyrule Warriors DE Unique Weapon Movesets

Click here to take the quiz!

General Stats

  • This quiz has been taken 11 times
  • The average score is 37 of 43

Answer Stats

HintAnswer% Correct
TingleBalloon
100%
ZeldaBaton
100%
MarinBell
100%
LinkleBoots
100%
LinkleCrossbows
100%
TetraCutlass
100%
GhirahimDemon Blade
100%
ZeldaDominion Rod
100%
LinkGauntlets
100%
LinkGreat Fairy
100%
DaruniaHammer
100%
SheikHarp
100%
LinkHorse
100%
LinkMagic Rod
100%
LinkMaster Sword
100%
Twili MidnaMirror
100%
ImpaNaginata
100%
Skull KidOcarina
100%
AgithaParasol
100%
ZeldaRapier
100%
King DaphnesSail
100%
Toon LinkSand Wand
100%
ZantScimitars
100%
MidnaShackle
100%
LanaSpear
100%
LinkSpinner
100%
LanaSummoning Gate
100%
GanondorfTrident
100%
FiGoddess Blade
86%
GanondorfGreat Swords
86%
WizzroRing
86%
ImpaGiant Blade
71%
Toon LinkLight Sword
71%
Young LinkMask
71%
VolgaDragon Spear
57%
LinkHylian Sword
57%
YugaPicture Frame
57%
RavioRental Hammer
57%
MedliRito Harp
57%
CiaScepter
57%
RutoZora Scale
57%
LanaBook of Sorcery
29%
Toon ZeldaPhantom Arms
29%

Score Distribution

Percentile by Number Answered

Percent of People with Each Score

Your Score History

You have not taken this quiz